| 000 | 01123nam a2200301 a 4500 | ||
|---|---|---|---|
| 001 | BRCA_3165 | ||
| 005 | 20190320204137.0 | ||
| 008 | 120209s1910----fr-#---###---#000-0#fre-u | ||
| 041 | _afre | ||
| 044 | _afr | ||
| 084 |
_a469 _b.D537 _c1910 |
||
| 100 | 1 |
_aCervantes Saavedra, Miguel de _d1547-1616 _9213 |
|
| 245 | 1 | 0 |
_aDon Quichotte de la Manche _cpar Miguel de Cervantes. |
| 260 |
_aParís _bFirmirn Didot _c1910? |
||
| 300 |
_a89 p. _bil. _c25 cm. |
||
| 500 | _aContenido : Primera parte. Texto compendiado. Segunda parte. Texto compendiado | ||
| 500 | _aEdición : Ouvrage Illustré de 66 Gravures | ||
| 500 | _aTraducción compendiada por traductor anónimo. Semipiel; lomo decorado con adornos Lúdovik Osterc | ||
| 500 | _aQM1007 | ||
| 546 | _aTexto en : francés | ||
| 650 | 1 | 4 |
_aNovela española _yÉpoca clásica, 1500-1700 _9215 |
| 650 | 1 | 4 |
_aLiteratura española _yÉpoca clásica, 1500-1700 _9216 |
| 650 | 1 | 4 |
_aNovela española _ySiglo XVII _9217 |
| 650 | 1 | 4 |
_aDon Quijote (Personaje ficticio) _eNovela _9218 |
| 740 | 0 | _aEl Ingenioso Hidalgo Don Quijote de la Mancha | |
| 902 | _aQFM | ||
| 942 |
_2lcc _cB |
||
| 999 |
_c2901 _d2901 |
||